000 00379nam a22001697a 4500
005 20160528111206.0
008 160528b xxu||||| |||| 00| 0 eng d
020 _a978-0-07-05993-6
041 _aeng
082 _b5731
100 _aSaxena, Rajan
_91416
245 _aMarketing Management
260 _bTMH
_c2007
300 _a774
650 _aManagement
_9241
942 _cBK
999 _c2034
_d2033